000 00992nam a2200229 a 4500
008 060316s1993 ||||||||||||||||| || u
020 _a0195208870
050 _aIBRD(02)1993/75
100 _aMiddleton, John, 1943-
245 1 0 _aSkills for productivity : vocational education and training in developing countries /
260 _aWashington, D.C. :
_bOxford University Press
_c1993.
300 _axix, 353 p. : ill. ; 23 cm.
350 _a0.00
500 _a"A World Bank book." -Includes bibliographical references (p. 317-335) and index.
650 _aVOCATIONAL EDUCATION - DEVELOPING COUNTRIES
650 _aOCCUPATIONAL TRAINING - DEVELOPING COUNTRIES
700 _aZiderman, Adrian
700 _aAdams, Arvil V
710 _aWorld Bank
856 _uhttp://www.loc.gov/catdir/enhancements/fy0605/93004176-d.html
995 _D0.00
_FCBU-MAIN LIBRARY (Kitwe)
_H1
_I0.00
_UAVAILABLE
_WJun 28, 2007
_ZInternational Publications
999 _c57533
_d57533